[Event "NOR-chT Club"]
[Site "Drammen"]
[Date "2019.05.30"]
[Round "5"]
[White "Blauhut, Holger"]
[Black "Gilde, Hallvard"]
[Result "1-0"]
[WhiteElo "2041"]
[BlackElo "1357"]
[PlyCount "83"]
[EventDate "2019.05.30"]
[EventType "team-swiss"]
[EventRounds "6"]
[EventCountry "NOR"]
[SourceTitle "CBM 190 Extra"]
[Source "ChessBase"]
[SourceDate "2019.07.15"]
[SourceVersion "1"]
[SourceVersionDate "2019.07.15"]
[SourceQuality "1"]
[WhiteTeam "Fredriksstad III"]
[BlackTeam "Hell's Check Mates"]
[WhiteTeamCountry "NOR"]
[BlackTeamCountry "NOR"]

1. e4 Nf6 2. e5 Nd5 3. d4 d6 4. Bc4 Be6 5. Qf3 dxe5 6. dxe5 c6 7. Qe2 b5 8. Bb3 Bf5 9. h4 h6 10. g4 Bc8 11. Nd2 e6 12. Ne4 Na6 13. c3 Be7 14. Nf3 Nc5 15. Bc2 Ba6 16. Nd4 Qd7 17. Qf3 b4 18. Bd2 Qb7 19. Rb1 Rb8 20. g5 Qd7 21. gxh6 g6 22. h5 bxc3 23. Nxc3 Nxc3 24. Bxc3 Qd5 25. Qxd5 cxd5 26. hxg6 Nd3+ 27. Kd2 Bg5+ 28. f4 Bxf4+ 29. Ke2 Nxe5+ 30. Kf2 Ng4+ 31. Kf3 Bxh6 32. gxf7+ Kd7 33. Kxg4 Rbf8 34. Ba4+ Kc8 35. Nxe6 Be2+ 36. Kg3 Rxf7 37. Bxh8 Rf3+ 38. Kg2 Be3 39. Rbc1+ Bxc1 40. Rxc1+ Kb7 41. Bc6+ Kb6 42. Bxd5 1-0